Đánh giá hiệu quả sản xuất của mô hình cánh đồng mẫu lớn trong sản xuất lúa tại huyện Bình Tân và Bình Minh, tỉnh Vĩnh Long : Luận văn tốt nghiệp Cao học. Chuyên ngành Hệ thống nông nghiệp

Đánh giá thực trạng và hiệu quả sản xuất của nông hộ tham gia mô hình cánh đồng lớn tại hai huyện Bình Tân và Bình Minh, đề xuất một số giải pháp nhằm nhân rộng mô hình cánh đồng lớn trên địa bàn hai huyện....

Volledige beschrijving

Bewaard in:
Bibliografische gegevens
Hoofdauteur: Trương, Thị Hồng Châm
Formaat: Boek
Taal:Undetermined
Gepubliceerd in: Cần Thơ Trường Đại học Cần Thơ 2017
Onderwerpen:
Tags: Voeg label toe
Geen labels, Wees de eerste die dit record labelt!
Thư viện lưu trữ: Trung tâm Học liệu Trường Đại học Cần Thơ
LEADER 01265nam a2200205Ia 4500
001 CTU_224592
008 210402s9999 xx 000 0 und d
082 |a 338.16 
082 |b Ch120 
100 |a Trương, Thị Hồng Châm 
245 0 |a Đánh giá hiệu quả sản xuất của mô hình cánh đồng mẫu lớn trong sản xuất lúa tại huyện Bình Tân và Bình Minh, tỉnh Vĩnh Long : 
245 0 |b Luận văn tốt nghiệp Cao học. Chuyên ngành Hệ thống nông nghiệp 
245 0 |c Trương Thị Hồng Châm ; Đặng Kiều Nhân (Cán bộ hướng dẫn) 
260 |a Cần Thơ 
260 |b Trường Đại học Cần Thơ 
260 |c 2017 
520 |a Đánh giá thực trạng và hiệu quả sản xuất của nông hộ tham gia mô hình cánh đồng lớn tại hai huyện Bình Tân và Bình Minh, đề xuất một số giải pháp nhằm nhân rộng mô hình cánh đồng lớn trên địa bàn hai huyện. 
650 |a Nông nghiệp,Agriculture 
650 |x Khía cạnh kinh tế,Economic aspects 
980 |a Trung tâm Học liệu Trường Đại học Cần Thơ